Nasser's Egypt (Record no. 39990)
[ view plain ]
| 000 -LEADER | |
|---|---|
| fixed length control field | 00365nam a2200169Ia 4500 |
| 003 - CONTROL NUMBER IDENTIFIER | |
| control field | 0100 |
| 005 - DATE AND TIME OF LATEST TRANSACTION | |
| control field | 20170504121613.0 |
| 008 - FIXED-LENGTH DATA ELEMENTS--GENERAL INFORMATION | |
| fixed length control field | 130303s9999 xx 000 0 und d |
| 040 ## - CATALOGING SOURCE | |
| Transcribing agency | ARRUPELIB |
| 050 ## - LIBRARY OF CONGRESS CALL NUMBER | |
| Classification number | DT107.83.M32 1965 |
| 100 ## - MAIN ENTRY--PERSONAL NAME | |
| Personal name | Mansfield, Peter |
| 9 (RLIN) | 30562 |
| 245 ## - TITLE STATEMENT | |
| Title | Nasser's Egypt |
| 260 ## - PUBLICATION, DISTRIBUTION, ETC. (IMPRINT) | |
| Name of publisher, distributor, etc | Penguin books |
| Place of publication, distribution, etc | Middlesex |
| Date of publication, distribution, etc | 1965 |
| 300 ## - PHYSICAL DESCRIPTION | |
| Extent | 221p |
| 650 ## - SUBJECT ADDED ENTRY--TOPICAL TERM | |
| Topical term or geographic name as entry element | Egypt |
| 9 (RLIN) | 30563 |
| General subdivision | History |
| 942 00 - ADDED ENTRY ELEMENTS (KOHA) | |
| Koha issues (borrowed), all copies | 1 |
| Source of classification or shelving scheme | Library of Congress Classification |
| Koha item type | Monograph ( Printed materials) |
| Withdrawn status | Lost status | Source of classification or shelving scheme | Damaged status | Not for loan | Collection code | Home library | Current library | Shelving location | Date acquired | Total Checkouts | Full call number | Barcode | Date last seen | Date checked out | Copy number | Price effective from | Koha item type |
|---|---|---|---|---|---|---|---|---|---|---|---|---|---|---|---|---|---|
| Library of Congress Classification | Main Collection | ARRUPE LIBRARY | ARRUPE LIBRARY | 04/03/2013 | 1 | DT107.83.M32 1965 | 46003033415 | 07/12/2017 | 31/01/2014 | 1 | 04/03/2013 | Monograph ( Printed materials) |